British Standards offer no guarantees (Record no. 70987)
[ view plain ]
| 000 -LEADER | |
|---|---|
| fixed length control field | 01424cam a2200241 4500 |
| 001 - CONTROL NUMBER | |
| control field | ABS65792 |
| 008 - FIXED-LENGTH DATA ELEMENTS--GENERAL INFORMATION | |
| fixed length control field | 020821n2002 000 0 eng u |
| 035 ## - SYSTEM CONTROL NUMBER | |
| System control number | (Sirsi) u119407 |
| 100 ## - MAIN ENTRY--PERSONAL NAME | |
| Personal name | Button, R |
| 245 ## - TITLE STATEMENT | |
| Title | British Standards offer no guarantees |
| 260 ## - PUBLICATION, DISTRIBUTION, ETC. | |
| Date of publication, distribution, etc. | 2002 |
| 490 ## - SERIES STATEMENT | |
| Series statement | CSM (Chartered Surveyor Monthly) |
| Volume/sequential designation | July/August 2002, 16 (1) |
| 520 ## - SUMMARY, ETC. | |
| Summary, etc. | Discusses the case of "Messer UK Ltd v Britvic Soft Drinks Ltd" where, although the carbon dioxide gas supplied by Messer had been contaminated with low levels of benzene and for that reason wthdrawn from the market and destroyed, the British Standard (BS) which covered the production of Type 2 gas (such as carbon dioxide) did not specifically mention benzene; nor did the wording in the section 'Scope' - that Type 2 gas 'is a higher quality grade which is also suitable for industrial food applications eg beverages' - imply any obligation of fitness of purpose. This case illustrates for those who prepare construction contracts that they must be aware that a requirement to comply with a BS may not by itself be as effective in protecting the interests of the client. |
| 590 ## - LOCAL NOTE (RLIN) | |
| Local note | ABS |
| 650 ## - SUBJECT ADDED ENTRY--TOPICAL TERM | |
| Topical term or geographic name entry element | BRITISH STANDARDS |
| 650 ## - SUBJECT ADDED ENTRY--TOPICAL TERM | |
| Topical term or geographic name entry element | MESSER UK LTD V BRITVIC SOFT DRINKS LTD |
| 650 ## - SUBJECT ADDED ENTRY--TOPICAL TERM | |
| Topical term or geographic name entry element | Contracts |
| 9 (RLIN) | 6232 |
| 650 ## - SUBJECT ADDED ENTRY--TOPICAL TERM | |
| Topical term or geographic name entry element | COMPLIANCE |
| 650 ## - SUBJECT ADDED ENTRY--TOPICAL TERM | |
| Topical term or geographic name entry element | PROVISIONS |
| 690 ## - LOCAL SUBJECT ADDED ENTRY--TOPICAL TERM (OCLC, RLIN) | |
| Topical term or geographic name as entry element | BUILT ENVIRONMENT-BUILDING CONTRACT FORMS |
| 700 ## - ADDED ENTRY--PERSONAL NAME | |
| Personal name | Mills, R |
| 942 ## - ADDED ENTRY ELEMENTS (KOHA) | |
| Suppress in OPAC | 0 |
| Withdrawn status | Lost status | Source of classification or shelving scheme | Damaged status | Not for loan | Home library | Current library | Shelving location | Date acquired | Total Checkouts | Full call number | Barcode | Date last seen | Copy number | Price effective from | Koha item type |
|---|---|---|---|---|---|---|---|---|---|---|---|---|---|---|---|
| Dewey Decimal Classification | London | London | Journal article | 21/08/2002 | ABS65792 | 119407-1001 | 06/08/2019 | 1 | 06/08/2019 | Journal article |